Misteri budak gila

Bibliographic Details
Main Author: Shafik Abdullah
Corporate Authors: Series, Title
Format: Book
Published: Kuala Lumpur : Jade Green Publications , 2004
Series:Siri misteri sukses
Subjects:

MARC

LEADER 00000cam a2200000 7i4500
001 0000002438
005 20151222.0
008 070712
020 |a 9831980085(set) 
020 |a 983198014X 
090 0 0 |a JF   |b AD MAL (2657) 
100 0 |a Shafik Abdullah 
245 1 0 |a Misteri budak gila   |c Shafik Abdullah 
260 |a Kuala Lumpur :   |b Jade Green Publications ,   |c 2004 
440 0 |a Siri misteri sukses 
500 |a Children ages 7-9 years old (orange) 
650 0 |a Detective and mysterys tories, Malay 
650 0 |a Malay fiction 
710 0 |a Series 
710 0 |a Title 
999 |a 0000858093   |b Book   |c Adult Collection   |e Cawangan Muar 
999 |a 0000879852   |b Book   |c Children Collection   |e Cawangan Mersing 
999 |a 0000879854   |b Book   |c Children Collection   |e Cawangan Muar 
999 |a 0000969155   |b Book   |c Children Collection   |e Perbadanan Perpustakaan Awam Johor 
999 |a 0000969156   |b Book   |c Children Collection   |e Cawangan Bukit Gambir